000 005020000a22001810004500
020 _a0-8010-3790-5
041 0 _aENG
082 0 4 _aG 266.001 G5495c
100 1 _aGlasser, Arthur F. (1914-)
245 1 0 _aContemporary theologies of mission / Arthur F. Glasser, Donald A. McGavran
260 _aGrand Rapids, MI., USA : Baker
300 _a251 Pag
001 7340
942 _cBK
999 _c37555
_d37555
336 _atexto
_btxt
_2rdacontent
337 _2rdamedia
_asin mediación
_bn
338 _2rdacarrier
_avolumen
_bnc